U-Bahn-Systeme in Europa - Statistiken

Allgemein
  • Dieses Quiz wurde 163 mal gespielt
  • Das Durchschnittsergebnis liegt bei 39 aus 55
Antwortstatistiken
Land Eröffnung Stadt % Korrekt
🇩🇪 1902 Berlin
99%
🇬🇧 1863 London
99%
🇫🇷 1900 Paris
97%
🇭🇺 1896 Budapest
96%
🇪🇸 1919 Madrid
96%
🇩🇪 1971 München
96%
🇮🇹 1955 Rom
96%
🇬🇷 1904 Athen
95%
🇪🇸 1924 Barcelona
95%
🇩🇪 1912 Hamburg
94%
🇳🇴 1966 Oslo
94%
🇸🇪 1950 Stockholm
93%
🇫🇮 1982 Helsinki
92%
🇺🇦 1960 Kiew
92%
🇮🇹 1964 Mailand
92%
🇷🇺 1935 Moskau
92%
🇨🇿 1974 Prag
92%
🇦🇹 1978 Wien
92%
🇳🇱 1977 Amsterdam
91%
🇵🇹 1959 Lissabon
90%
🇧🇪 1976 Brüssel
89%
🇫🇷 1977 Marseille
88%
🇷🇴 1979 Bukarest
85%
🇫🇷 1978 Lyon
85%
🇷🇺 1955 St. Petersburg
84%
🇵🇱 1995 Warschau
84%
🇩🇰 2002 Kopenhagen
83%
🇮🇹 1993 Neapel
82%
🇳🇱 1968 Rotterdam
81%
🇬🇧 1896 Glasgow
79%
🇩🇪 1972 Nürnberg
78%
🇹🇷 2000 Istanbul
76%
🇮🇹 2006 Turin
76%
🇧🇾 1984 Minsk
73%
🇧🇬 1998 Sofia
71%
🇪🇸 1988 Valencia
71%
🇪🇸 2009 Sevilla
62%
🇫🇷 1983 Lille
53%
🇪🇸 1995 Bilbao
51%
🇺🇦 1975 Charkiw
50%
🇮🇹 1990 Genua
50%
🇫🇷 1993 Toulouse
50%
🇪🇸 2014 Malaga
49%
🇬🇷 2024 Thessaloniki
48%
🇺🇦 in Bau Donezk
44%
🇬🇧 1980 Newcastle
36%
🇨🇭 2008 Lausanne
32%
🇷🇺 2005 Kasan
31%
🇫🇷 2002 Rennes
30%
🇺🇦 1995 Dnipro
29%
🇮🇹 1999 Catania
24%
🇷🇺 1987 Samara
24%
🇷🇺 1985 Nischni Nowgorod
23%
🇪🇸 2007 Palma
22%
🇮🇹 2013 Brescia
20%
Keine übereinstimmenden Quizze gefunden
Verteilung der Resultate
Anzahl Personen mit jedem Resultat
Perzentil nach korrekt beantworteten Fragen
Ihre Resultats-Entwicklung
Sie haben dieses Quiz noch nicht gespielt